| 000 | 00448nam a2200181Ia 4500 | ||
|---|---|---|---|
| 001 | 23265 | ||
| 005 | 20260414150925.0 | ||
| 008 | 260414t1999||||xx |||||||||||||| ||spa|| | ||
| 041 | _aESP | ||
| 082 |
_a628 _bS39 |
||
| 100 |
_aSeoánez Calvo, Mariano _eAUT |
||
| 245 | 0 |
_aManual de gestión medioambiental de la empresa _b |
|
| 260 | _c1999 | ||
| 300 |
_a515 páginas : _c24 cm. |
||
| 650 | _aCNM | ||
| 654 | _aCCN | ||
| 942 |
_cLIB _dJUS _fJUS _2ddc _n |
||
| 999 |
_c23265 _d23265 |
||